000 00535nam a2200193Ia 4500
001 21419
003 GE_BSU
008 181216s||||||||xx |||||||||||||| ||und||
040 _cGE_BSU
080 _aპერიოდიკა
245 _aParis Match, du 28 Septembre au 4 Octobre №3567. 2017
260 _aParis
260 _c2017
300 _a119p. 29 cm. ill.
653 _aParis Match, du 28 Septembre au 4 Octobre №3567. 2017
653 _aПериодика
653 _aპერიოდიკა
942 _cCR
999 _c54363
_d54363